| 000 | 00603nam a2200133Ia 4500 | ||
|---|---|---|---|
| 008 | 100328s9999 xx 000 0 und d | ||
| 082 | _b53664 | ||
| 100 | _aफाटक नरहर रघुनाथ | ||
| 245 | _aश्री समर्थ चरित्र वाङ्मय आणि संप्रदाय | ||
| 260 | _bप्रसाद | ||
| 630 | _aश्री समर्थ चरित्र वाङ्मय आणि संप्रदाय | ||
| 730 | _aश्री समर्थ चरित्र वाङ्मय आणि संप्रदाय | ||
| 942 | _cBOOK | ||
| 999 |
_c540405 _d540402 |
||